000 00563nam a2200193 i 4500
001 135020
003 ES-MaACL
005 20230906194806.0
007 t|
008 070705s1903 sp |||| | spa d
080 _a621.394
100 1 _aThomas, H.
_9110015
245 1 0 _aTratado de telegrafía eléctrica /
_cpor H. Thomas ; traducido del francés por L. Brunet.
260 _aMadrid :
_b[s.n.],
_c1903 (
_fImp. J. Espinosa)
300 _aIV, 907 p. ;
_c25 cm.
650 4 _aTelégrafo.
_917430
700 1 _aBrunet, L.
_932161
852 _aES-MaACL
_jF-518
999 _c135020
_d135020